Statistics for Borussia Dortmund Squad 2014/2015

Click here to take the quiz!

General Stats

  • This quiz has been taken 813 times
    (806 since last reset)
  • The average score is 15 of 26

Answer Stats

NumberNationalityPositionAnswer% Correct
11GermanyFWMarco Reus
90%
7JapanMFShinji Kagawa
90%
15GermanyDFMats Hummels
89%
1GermanyGKRoman Weidenfeller
88%
4SerbiaDFNeven Subotic
87%
17GabonFWPierre-Emerick Aubameyang
87%
9ItalyFWCiro Immobile
80%
18TurkeyMFNuri Sahin
76%
/GermanyCOACHJurgen Klopp
75%
8GermanyMFIlkay Gundogan
68%
10ArmeniaMFHenrikh Mkhitaryan
67%
20ColombiaFWAdrian Ramos
63%
29GermanyDFMarcel Schmelzer
61%
26PolandDFLukasz Piszczek
57%
6GermanyMFSven Bender
55%
22AustraliaGKMitchell Langerak
53%
16PolandMFJakub Blaszczykowski
52%
5GermanyMFSebastian Kehl
47%
37GermanyDFEric Durm
38%
19GermanyMFKevin Grosskreutz
31%
28GermanyDFMatthias Ginter
31%
14SerbiaMFMilos Jojic
31%
23South KoreaFWJi Dong-Won
14%
21GermanyDFOliver Kirch
13%
39GermanyGKHendrik Bonmann
9%
25GreeceDFSokratis Papastathopoulos
0%

Score Distribution

Percentile by Number Answered

Percent of People with Each Score

Your Score History

You have not taken this quiz since the last reset